Rural credit on the agricultural machinery usage of prasac ogarnization in kampong ro district, svay rieng province, ឥណទានជនបទលើការប្រើប្រាស់គ្រឿងយន្តកសកម្មរបស់អង្គការប្រាសាក់ នៅស្រុកកំពង់រោទ៍ខេត្តស្វាយរៀង. (Record no. 4211)
[ view plain ]
| 000 -LEADER | |
|---|---|
| fixed length control field | 00787nam a22001577a 4500 |
| 003 - CONTROL NUMBER IDENTIFIER | |
| control field | OSt |
| 005 - DATE AND TIME OF LATEST TRANSACTION | |
| control field | 20151208104113.0 |
| 008 - FIXED-LENGTH DATA ELEMENTS--GENERAL INFORMATION | |
| fixed length control field | 151208b xxu||||| |||| 00| 0 eng d |
| 040 ## - CATALOGING SOURCE | |
| Transcribing agency | RUA |
| 082 ## - DEWEY DECIMAL CLASSIFICATION NUMBER | |
| Classification number | ATM HIN 2000 B191 Or.1 |
| 100 ## - MAIN ENTRY--PERSONAL NAME | |
| 9 (RLIN) | 4520 |
| Personal name | HING KOLSAMNANG; ហ៊ីង កុសលសំណាង. |
| 245 ## - TITLE STATEMENT | |
| Title | Rural credit on the agricultural machinery usage of prasac ogarnization in kampong ro district, svay rieng province, ឥណទានជនបទលើការប្រើប្រាស់គ្រឿងយន្តកសកម្មរបស់អង្គការប្រាសាក់ នៅស្រុកកំពង់រោទ៍ខេត្តស្វាយរៀង. |
| 260 ## - PUBLICATION, DISTRIBUTION, ETC. (IMPRINT) | |
| Place of publication, distribution, etc. | Phnom Penh |
| Name of publisher, distributor, etc. | RUA |
| Date of publication, distribution, etc. | 2000 |
| 300 ## - PHYSICAL DESCRIPTION | |
| Extent | 51p. |
| Other physical details | ill. |
| Dimensions | 29cm. |
| 942 ## - ADDED ENTRY ELEMENTS (KOHA) | |
| Source of classification or shelving scheme | |
| Koha item type | ATM |
| Price effective from | Date last seen | Permanent Location | Not for loan | Date acquired | Source of classification or shelving scheme | Koha item type | Lost status | Withdrawn status | Total Renewals | Date last checked out | Total Checkouts | Shelving location | Damaged status | Barcode | Current Location | Full call number |
|---|---|---|---|---|---|---|---|---|---|---|---|---|---|---|---|---|
| 2015-12-08 | 2015-12-08 | Library Block B | 2015-12-08 | ATM | B191 | RUA009382 | Library Block B | ATM HIN 2000 B191 Or.1 | ||||||||
| 2015-12-08 | 2015-12-08 | Library Block B | 2015-12-08 | ATM | B191 | RUA009598 | Library Block B | ATM HIN 2000 B191 Or.2 | ||||||||
| 2015-12-08 | 2015-12-08 | Library Block B | 2015-12-08 | ATM | B191 | RUA017997 | Library Block B | ATM HIN 2000 B191 Or.3 | ||||||||
| 2015-12-08 | 2017-02-07 | Library Block B | 2015-12-08 | ATM | 1 | 2016-12-09 | 1 | B191 | RUA018002 | Library Block B | ATM HIN 2000 B191 Or.4 | |||||
| 2015-12-08 | 2016-03-04 | Library Block B | 2015-12-08 | ATM | 2016-02-17 | 1 | B191 | RUA009310 | Library Block B | ATM HIN 2000 B191 Or.5 |